| 000 | 00698cam a2200229 a 4500 | ||
|---|---|---|---|
| 001 | 000008841 | ||
| 005 | 20200929161425.0 | ||
| 008 | 750422s1973 sp 000 0 spa | ||
| 020 | _a8432504491 | ||
| 040 |
_aDO-SdBNP _bspa _cLC _dBNPHU |
||
| 082 |
_a861.64 _bG216t |
||
| 100 | 1 |
_aGarcía Nieto, José. _923396 |
|
| 245 | 1 | 0 |
_aTaller de arte menor y cincuenta sonetos / _cJosé García Nieto. |
| 260 |
_aMadrid : _bDoncel, _c1973. |
||
| 300 |
_a148 p. ; _c18 cm. |
||
| 490 | 1 |
_aLibro Joven de Bolsillo _v40 |
|
| 650 | 4 |
_aPoesía española _9631 |
|
| 650 | 4 |
_aLiteratura española _9632 |
|
| 830 | 0 |
_aLibro Joven de Bolsillo, _v40 _913001 |
|
| 910 | _aCatalogación por copia / LC | ||
| 049 | _aBNGR | ||
| 999 |
_c8610 _d8610 |
||